[Event "Calvia Amateur op 20th"]
[Site "Calvia"]
[Date "2023.10.14"]
[Round "8"]
[White "Feijen, Niels"]
[Black "Torres Tur, Juan"]
[Result "0-1"]
[WhiteElo "1689"]
[BlackElo "1913"]
[PlyCount "74"]
[EventDate "2023.10.07"]
[EventType "swiss"]
[EventRounds "9"]
[EventCountry "ESP"]
[SourceTitle "Mega2024 Update 01"]
[Source "Chessbase"]
[SourceDate "2023.11.12"]
[SourceVersion "1"]
[SourceVersionDate "2023.11.12"]
[SourceQuality "1"]

1. e4 c5 2. c3 d5 3. exd5 Qxd5 4. d4 cxd4 5. cxd4 Nc6 6. Nf3 Bg4 7. Nc3 Bxf3 8. Nxd5 Bxd1 9. Nc7+ Kd7 10. Nxa8 Ba4 11. Be3 e6 12. b3 Nb4 13. Rc1 Bc6 14. a3 Nd5 15. b4 b5 16. Be2 Bd6 17. 0-0 Nge7 18. Bf3 Rxa8 19. Bg5 Nf5 20. Rfd1 h6 21. Be3 a5 22. g4 Nfe7 23. Bd2 Nxb4 24. Be2 Nbd5 25. Rb1 b4 26. axb4 axb4 27. Bc4 Ra3 28. Ra1 Nc8 29. Rxa3 bxa3 30. Ra1 Ncb6 31. Bb3 Na4 32. Bxa4 Bxa4 33. Bc1 Nf4 34. Bxa3 Ne2+ 35. Kg2 Bc6+ 36. Kf1 Nxd4 37. Bxd6 Kxd6 0-1

[Event "Stein am Rhein op 13th"]
[Site "Stein am Rhein"]
[Date "2022.10.29"]
[Round "3"]
[White "Jedinger, Andreas"]
[Black "Feijen, Niels"]
[Result "1-0"]
[WhiteElo "2099"]
[BlackElo "1629"]
[PlyCount "55"]
[EventDate "2022.10.28"]
[EventType "swiss"]
[EventRounds "5"]
[EventCountry "SUI"]
[SourceTitle "EXT 2024"]
[Source "ChessBase"]
[SourceDate "2023.10.10"]
[SourceVersion "1"]
[SourceVersionDate "2023.10.10"]
[SourceQuality "1"]

1. e4 e6 2. d4 d5 3. Nc3 Bb4 4. e5 c5 5. a3 Bxc3+ 6. bxc3 Ne7 7. Qg4 Qc7 8. Qxg7 Rg8 9. Qxh7 cxd4 10. Ne2 Nbc6 11. f4 dxc3 12. Qd3 Bd7 13. Rb1 Na5 14. Qxc3 Nec6 15. Nd4 a6 16. Be3 Rc8 17. Nxc6 Nxc6 18. Bb6 Qb8 19. Qh3 Nxe5 20. fxe5 Qxe5+ 21. Qe3 Qd6 22. Bd4 Rg4 23. Bd3 Rxg2 24. Rg1 Qxh2 25. Rxg2 Qxg2 26. Rxb7 Qh1+ 27. Kd2 Qg2+ 28. Kc1 1-0